Complete the Card - WWE SummerSlam 2005 - Statistics

General Stats
  • This quiz has been taken 335 times
  • The average score is 14 of 16
Answer Stats
Answer % Correct
The Undertaker
100%
Randy Orton
99%
Hulk Hogan
98%
Shawn Michaels
98%
Eddie Guerrero
97%
John Cena
97%
Kurt Angle
97%
Rey Mysterio
97%
Batista
96%
Chris Benoit
91%
John Bradshaw Layfield
91%
Edge
90%
Chris Jericho
86%
Matt Hardy
79%
Orlando Jordan
65%
Eugene
62%
No matching quizzes found
Score Distribution
Percent of People with Each Score
Percentile by Number Answered
Your Score History
You have not taken this quiz